| 000 | 00631nam a2200205 i 4500 | ||
|---|---|---|---|
| 001 | bgj | ||
| 100 | 1 | _aKASLOFF CARVER, Tina | |
| 245 | 1 | 0 |
_aA conversation book : _nVol. 2 / _cTina Kasloff Carver ; Sandra Fotinos Douglas. |
| 260 |
_aEnglewood Cliffs, NJ : _bPrentice-Hall, _ccop. 1977. |
||
| 300 |
_aX, 192 pp : _bill., maps ; _c28 cm. |
||
| 650 | 9 |
_aEnglish language _xSpoken English |
|
| 655 | _aTextbooks for foreigners | ||
| 700 | 1 | _aFOTINOS DOUGLAS, Sandra | |
| 020 | _a0131722476 (pbk) | ||
| 040 | _cBPK | ||
| 041 | 0 | _aeng | |
| 920 | _a0-13-172247-6 (pbk) | ||
| 942 | _cKS | ||
| 008 | s uk f |000 0 eng | ||
| 999 |
_c41343 _d41343 |
||
| 856 |
_uhttp://koha.tu.koszalin.pl/cgi-bin/koha/opac-detail.pl?biblionumber=41343 _yKatalog online BPK |
||